000 00208nam a22001097a 4500
040 _cSK
082 _a636
100 _aPUTT S.
245 _aVeterinary epidemiology
260 _aNA
_bPUT
_c`1988
942 _cEK
999 _c10351
_d10351